000 00300nam a2200133Ia 4500
005 20260328101512.0
008 260328s9999||||xx |||||||||||||| ||und||
100 _aSalvat
245 0 _aHistoria del Arte (Vol.1) /
_cSalvat
260 _bSalvat
300 _a255 p.
650 _aHISTORIA
942 _cBK
999 _c9241
_d9241